The art and interiors of Rashtrapati Bhawan : (Record no. 144548)

MARC details
000 -LEADER
fixed length control field 00677nam a22001937a 4500
005 - DATE AND TIME OF LATEST TRANSACTION
control field 20230303170734.0
010 ## - LCCN (DPL NO)
LC control number 1718EN-30
020 ## - INTERNATIONAL STANDARD BOOK NUMBER
International Standard Book Number 9788123021300
Terms of availability 2480.00
037 ## - SOURCE OF ACQUISITION
Source of stock number/acquisition Bookwell
Stock number dpl
245 ## - TITLE STATEMENT
Title The art and interiors of Rashtrapati Bhawan :
Statement of responsibility, etc edited by Partha Mitter [and] Naman P. Ahuja
Remainder of title lutyens and beyond /
260 ## - PUBLICATION, DISTRIBUTION, ETC. (IMPRINT)
Date of publication, distribution, etc 2016
Place of publication, distribution, etc New Delhi
Name of publisher, distributor, etc Rashtrapati Bhawan
270 ## - ADDRESS
Address Rashtrapati Bhawan,
City New Delhi
Postal code 110015
300 ## - PHYSICAL DESCRIPTION
Dimensions 27cm(Hb)
Extent 334p.:
Other physical details ill. (col. pic.)
500 ## - GENERAL NOTE
General note Includes bibliographical references and index
700 ## - ADDED ENTRY--PERSONAL NAME
Personal name Mitter, Partha
700 ## - ADDED ENTRY--PERSONAL NAME
Personal name Ahuja, Naman P.
942 ## - ADDED ENTRY ELEMENTS (KOHA)
Item type English Books
Source of classification or shelving scheme Dewey Decimal Classification
Call number suffix ART

No items available.


© Delhi Public Library
Hit Counter
free hit counter